SAFFY'S ANGEL (Record no. 6130)
[ view plain ]
| 000 -LEADER | |
|---|---|
| fixed length control field | 00652nam a22001457a 4500 |
| 020 ## - INTERNATIONAL STANDARD BOOK NUMBER | |
| ISBN | 978-0-340-95988-6 |
| 082 ## - DEWEY DECIMAL CLASSIFICATION NUMBER | |
| Classification number | 823 |
| Item number | MCK/S |
| 100 ## - MAIN ENTRY--AUTHOR NAME | |
| Personal name | MCKAY HILARY |
| 245 ## - TITLE STATEMENT | |
| Title | SAFFY'S ANGEL |
| Remainder of title | WINNER OF THE SHITBREAD AWARD |
| 260 ## - PUBLICATION, DISTRIBUTION, ETC. (IMPRINT) | |
| Place of publication | BRITIAN |
| Name of publisher | HODDER CHILDRENS BOOKS |
| 300 ## - PHYSICAL DESCRIPTION | |
| Number of Pages | 218 |
| 520 ## - SUMMARY, ETC. | |
| Summary, etc | Grandad brought Saffy, as a very small child, back from Siena. At Grandad's death he leaves something to each of the children. To Saffy, it is "her angel," although no one knows its identity. How Saffy discovers what her angel is, with the help of an energetic new friend, lies at the heart of this enchanting story. |
| 650 ## - SUBJECT ADDED ENTRY--TOPICAL TERM | |
| Topical Term | SHORT STORY |
| 942 ## - ADDED ENTRY ELEMENTS (KOHA) | |
| Koha item type | Books |
No items available.